[Event "Guimaraes Open 2018"]
[Site "Guimaraes"]
[Date "2018.10.05"]
[Round "1"]
[White "Abella Vazquez, Cesar"]
[Black "Parente, Francisco Jose Pere"]
[Result "1-0"]
[WhiteElo "2144"]
[BlackElo "1320"]
[Annotator "TA"]
[PlyCount "63"]
[EventDate "2018.10.04"]
[EventType "swiss"]
[EventCountry "POR"]
[SourceTitle "playchess.com"]
[Source "ChessBase"]
[SourceQuality "1"]

{[%evp 10,63,70,67,67,76,75,77,84,0,0,0,0,0,0,0,72,85,62,83,90,26,139,88,429,535,529,525,498,560,796,783,998,966,916,896,897,887,883,869,1364,1332,29989,29990,29991,29992,29992,29993,29993,29990,29990,29991,29991,29992,29996,29997]} 1. e4 e5 {[%cal Be7e5,Be5d4][%mdl 32]} 2. d4 exd4 3. Nf3 Nc6 4. Bc4 h6 5. O-O Bc5 6. c3 $1 d6 {C50: Hungarian Defence and Giuoco Pianissimo} 7. cxd4 Bb6 8. h3 Qf6 {[%cal Rc6d4] White is better.} 9. e5 (9. Nc3 $16) 9... dxe5 $11 10. Nxe5 Nxe5 11. dxe5 Qg6 12. Qf3 c6 $146 {[#]} (12... Ne7 $11) ({Predecessor:} 12... Qf5 13. Bb5+ Ke7 14. Qa3+ {1-0 (50) Cabrejos Tovar,J (2228)-Mendoza,R (2363) Lima 2002}) 13. Bd3 $1 $36 {[%cal Rd3g6][%mdl 2048] Keeping Black busy.} Qe6 14. Nc3 {[%cal Bb1c3,Bc3e4,Be4f6][%mdl 32]} Bc7 15. Qg3 (15. Re1 $16) 15... g5 (15... Ne7 $1 $11) 16. f4 (16. Re1 $142) 16... gxf4 $2 {[%mdl 8192] [#]} (16... Bd7 $16 {is a better chance.}) 17. Bxf4 $18 Ne7 {Threatening ...Rg8.} 18. Ne4 Nf5 19. Qe1 a5 20. Nf6+ Ke7 21. Qf2 b6 22. g4 Ng7 23. Qh4 Kf8 24. Rae1 Bb7 25. Bxh6 Bxe5 26. Bxg7+ {White mates.} Kxg7 27. Qg5+ Kf8 28. Rxe5 Qd6 29. Nh7+ Rxh7 30. Bxh7 {[%csl Gh7][%cal Rg5g8]} Qd4+ 31. Rf2 {[%cal Rg5h6]} Qd1+ 32. Kh2 {Precision: White = 66%, Black = 28%.} 1-0

[Event "Guimaraes Open 2018"]
[Site "Guimaraes"]
[Date "2018.10.05"]
[Round "1"]
[White "De Oliveira, Antonio Higino"]
[Black "Ferreira, Hugo Miguel Da Cost"]
[Result "0-1"]
[WhiteElo "2075"]
[BlackElo "2130"]
[Annotator "TA"]
[PlyCount "52"]
[EventDate "2018.10.04"]
[EventType "swiss"]
[EventCountry "POR"]
[SourceTitle "playchess.com"]
[Source "ChessBase"]
[SourceQuality "1"]

{[%evp 15,52,4,10,-5,12,5,0,-13,0,-39,-46,-39,-17,-117,-118,-114,-127,-131,-115,-112,-101,-92,-95,-155,-113,-204,-103,-243,-262,-251,-212,-243,-119,-101,-95,-245,-237,-986,-976]} 1. d4 Nf6 2. c4 c5 3. Nc3 cxd4 4. Qxd4 Nc6 5. Qd1 d6 6. Nf3 g6 7. e3 Bg7 8. Be2 O-O 9. O-O {A31: Englische Eröffnung (Symmetrische Variante)} Nd7 $146 ({Vorgänger:} 9... Bd7 10. Nd4 Rc8 11. b3 Qa5 12. Bd2 Qb6 13. Bf3 Nxd4 14. exd4 Qxd4 15. Bxb7 Ng4 16. Bxc8 Qe5 {0-1 (42) Ramirez,H (2104)-Castrillon Gomez,M (2218) Bagre Antioquia 2014}) 10. Qc2 Nc5 11. a3 {Die Stellung ist ausgeglichen.} a5 {[%cal Ba7a5,Ba5a4][%mdl 32]} 12. Bd2 a4 13. Rab1 Bd7 14. Nb5 (14. e4 $11) 14... Bf5 $36 {[%mdl 2048] Schwarz bestimmt, wo es lang geht.} 15. Qd1 Bxb1 16. Qxb1 Nb3 17. Bc3 Bxc3 18. Nxc3 Qa5 19. Nb5 ({Besser ist} 19. Qc2) 19... Rfd8 20. h4 (20. Rd1 $17) 20... Rac8 (20... Ne5 $19 {Weiss muss nun ...Sxf3+ beachten.} 21. Rd1 Nxf3+ 22. Bxf3 Nd2) 21. h5 (21. Rd1 $17 {einziger Zug.}) 21... Ne5 $19 22. Qe4 Nxf3+ 23. Bxf3 {[#]} Nd2 (23... e6 $1 $19 {und Schwarz behält klar die Oberhand.} 24. h6 Nd2) 24. Qxe7 $17 {Ld5! ist eine echte Drohung.} Re8 ({Viel schlechter ist} 24... Nxf1 $6 25. hxg6 hxg6 26. Bd5 $11) (24... Nxc4 $6 25. Bd5 $11) 25. Qf6 (25. Qxb7 $17 Rb8 26. Qd7) 25... Re6 $19 26. Qd4 $2 (26. Qc3 Qxc3 27. Nxc3) 26... Rxc4 {Precision: Weiß = 27%, Schwarz = 38%.} 0-1

[Event "Guimaraes Open 2018"]
[Site "Guimaraes"]
[Date "2018.10.05"]
[Round "1"]
[White "Fernandes, Miguel Antonio"]
[Black "Duarte, Francisco Joaquim V"]
[Result "1-0"]
[WhiteElo "2048"]
[BlackElo "1235"]
[Annotator "NA RC"]
[PlyCount "75"]
[EventDate "2018.10.04"]
[EventType "swiss"]
[EventCountry "POR"]
[SourceTitle "playchess.com"]
[Source "ChessBase"]
[SourceQuality "1"]
[TimeControl "5400+30"]

1. d4 {[%emt 0:00:00]} d5 {[%emt 0:00:00]} 2. c4 {[%emt 0:00:00]} e6 {[%emt 0:00:27]} 3. Nc3 {[%emt 0:00:00]} Nf6 {[%emt 0:00:31]} 4. Bg5 {[%emt 0:00:00]} Bb4 {[%emt 0:00:21]} 5. Qa4+ {[%emt 0:00:22]} Nc6 {[%emt 0:00:16]} 6. a3 {[%emt 0:02:40]} Bxc3+ {[%emt 0:00:23]} 7. bxc3 {[%emt 0:00:07]} O-O {[%emt 0:00:52]} 8. e3 {[%emt 0:02:05]} Bd7 {[%emt 0:00:42]} 9. cxd5 {[%emt 0:01:36]} exd5 {[%emt 0:00:43]} 10. Qc2 {[%emt 0:00:28]} h6 {[%emt 0:01:14]} 11. Bh4 {[%emt 0:00:29]} Re8 {[%emt 0:00:27]} 12. Bd3 {[%emt 0:00:51]} Qe7 {[%emt 0:01:16]} 13. Nf3 {[%emt 0:01:43]} Qd6 {[%emt 0:00:19]} 14. Bg3 {[%emt 0:01:12]} Qe7 {[%emt 0:02:19]} 15. O-O {[%emt 0:00:31]} Bg4 {[%emt 0:00:26]} 16. Nd2 {[%emt 0:01:27]} Rac8 {[%emt 0:04:13]} 17. a4 {[%emt 0:02:41]} a5 {[%emt 0:01:06]} 18. Rab1 {[%emt 0:02:29]} Rb8 {[%emt 0:00:49]} 19. Rfe1 {[%emt 0:03:22]} Qd7 {[%emt 0:01:31]} 20. h3 {[%emt 0:04:50]} Be6 {[%emt 0:01:33]} 21. Bh4 {[%emt 0:04:03]} Qd8 {[%emt 0:04:05]} 22. e4 {[%emt 0:01:54]} dxe4 {[%emt 0:00:26]} 23. Nxe4 {[%emt 0:00:14]} g5 {[%emt 0:02:25]} 24. Nxf6+ {[%emt 0:02:56]} Qxf6 25. Bg3 {[%emt 0:00:19]} Re7 {[%emt 0:00:55]} 26. Be4 {[%emt 0:01:33]} Bd7 {[%emt 0:01:06]} 27. Bxc7 {[%emt 0:05:46]} Rbe8 {[%emt 0:01:10]} 28. Bg3 {[%emt 0:02:08]} Bf5 {[%emt 0:02:41]} 29. f3 {[%emt 0:00:15]} Bxe4 {[%emt 0:00:27]} 30. fxe4 {[%emt 0:00:54]} Qg6 {[%emt 0:00:17]} 31. Qf2 {[%emt 0:06:30]} Rxe4 {[%emt 0:00:29]} 32. Rxe4 {[%emt 0:00:19]} Rxe4 {[%emt 0:01:03]} 33. Rxb7 {[%emt 0:00:54]} Re7 {[%emt 0:00:47]} 34. Rxe7 {[%emt 0:02:41]} Nxe7 {[%emt 0:00:40]} 35. Qe2 {[%emt 0:01:30]} Nd5 {[%emt 0:00:21]} 36. Qe8+ {[%emt 0:00:54]} Kg7 {[%emt 0:00:11]} 37. Qe5+ {[%emt 0:01:38]} Qf6 {[%emt 0:00:51]} 38. Qxd5 {[%emt 0:00:15]} 1-0

[Event "Guimaraes Open 2018"]
[Site "Guimaraes"]
[Date "2018.10.05"]
[Round "1"]
[White "Monteiro, Tomas Alexandre"]
[Black "Solodovnichenko, Yuri"]
[Result "0-1"]
[WhiteElo "1491"]
[BlackElo "2554"]
[Annotator "TA"]
[PlyCount "56"]
[EventDate "2018.10.04"]
[EventType "swiss"]
[EventCountry "POR"]
[SourceTitle "playchess.com"]
[Source "ChessBase"]
[SourceQuality "1"]

{[%evp 14,56,8,7,28,11,9,6,2,-22,-19,-29,-27,-32,-39,-43,-37,-37,-35,-80,-75,-106,-47,-114,-127,-133,-128,-110,-111,-353,-368,-368,-369,-444,-425,-600,-589,-623,-614,-589,-590,-773,-775,-1027,-1002]} 1. e4 g6 2. d4 Bg7 3. Nf3 d6 4. Nc3 Nf6 5. h3 O-O 6. Be3 b6 7. Qd2 Bb7 8. Bd3 {LiveBook: 9 Partien. B08: Pirc-Ufimzew-Verteidigung} Nbd7 9. Bh6 e5 (9... Bxh6 10. Qxh6 e5 11. O-O-O Qe7 12. Rhe1 Rfe8 13. dxe5 Nxe5 14. Nxe5 dxe5 15. f3 Rad8 {0-1 (52) Bok,B (2511)-Solodovnichenko,Y (2570) Maastricht 2012}) 10. Bxg7 {Die Stellung ist ausgeglichen.} Kxg7 11. dxe5 dxe5 $146 ({Vorgänger:} 11... Nxe5 12. Nxe5 dxe5 {½-½ (31) Sorkovsky,M (2084)-Zvarik,M (2136) Vrutky 2005}) 12. O-O-O Qe7 13. Rhe1 Rad8 14. g4 Nc5 15. Qg5 Rfe8 16. Qh4 Nxd3+ 17. cxd3 Qc5 (17... c5 $17) 18. Qg3 (18. Kb1 $15) 18... b5 $17 {Und ...b4 würde nun gewinnen.} 19. Kb1 b4 $36 {[%mdl 2048] Schwarz ist am Drücker.} 20. Ne2 {[#]} b3 $1 {[%mdl 512]} 21. axb3 $2 {[#]} (21. Ka1 $17 {war angesagt.}) 21... Nxe4 $1 $19 {[%mdl 512]} 22. Qg1 (22. dxe4 Bxe4+) 22... Qxf2 23. Nh2 Qxg1 {Schwarz steht klar auf Gewinn.} 24. Nxg1 (24. Rxg1 $142 Nf2 25. Rc1) 24... Nf2 25. Rd2 Nxd3 26. Re3 Nb4 27. Ngf3 e4 28. Nd4 c5 {Precision: Weiß = 29%, Schwarz = 81%.} 0-1

[Event "Guimaraes Open 2018"]
[Site "Guimaraes"]
[Date "2018.10.05"]
[Round "1"]
[White "Ribeiro, Gustavo Martins San"]
[Black "Huerga Leache, Mikel"]
[Result "0-1"]
[WhiteElo "1467"]
[BlackElo "2438"]
[Annotator "TA"]
[PlyCount "48"]
[EventDate "2018.10.04"]
[EventType "swiss"]
[EventCountry "POR"]
[SourceTitle "playchess.com"]
[Source "ChessBase"]
[SourceQuality "1"]

{[%evp 9,47,0,12,-14,-15,-31,0,-33,44,0,121,106,87,92,91,90,100,62,61,59,67,48,172,-114,-106,-123,-121,-114,-71,-1504,-1651,-1369,-1379,-29996,-29996,-29997,-29998,-29998,-29999,-29999]} 1. e4 c5 2. Nf3 Nc6 3. Bc4 e6 4. O-O Nf6 5. d3 Be7 6. e5 {B30: Sicilian: 2...Nc6 3 Bb5, lines without ...g6} (6. Bb3 O-O 7. c3 b5 8. e5 Nd5 9. c4 bxc4 10. dxc4 Nb6 11. Bf4 f5 12. Qd2 h6 {1-0 (35) Fedoseev,V (2718)-Antipov,M (2588) Moscow 2017}) 6... Ng4 7. Bf4 g5 $146 ({Predecessor:} 7... f6 8. exf6 Nxf6 9. Nbd2 O-O 10. c3 Na5 11. Re1 Nxc4 12. Nxc4 {0-1 (49) Jezek,O (1779)-Perkiomaki,J ICCF email 2009}) 8. Nxg5 {The position is equal.} Ncxe5 (8... Ngxe5 $15 9. Bxe5 Nxe5) 9. Ne4 {h3 is the strong threat.} (9. Nxf7 $5 Kxf7 10. f3 Nxh2 11. Bxh2 $11) 9... f5 {[#]} (9... d5 $11 {remains equal.} 10. Bb5+ Kf8) 10. f3 $1 $16 {[%cal Rf3g4]} fxe4 11. fxg4 Ng6 12. dxe4 O-O 13. g3 b5 14. Bxb5 Qb6 15. Nc3 {And now g5 would win.} ({But not} 15. Bxd7 $2 Rd8 $19) 15... Bf6 {[#]} ({Better is} 15... Nxf4 $14 16. Rxf4 (16. gxf4 Bf6 $16) 16... Rxf4 17. gxf4 Bf6) 16. e5 $2 (16. Bh6 $1 $18) 16... c4+ $1 $17 17. Kg2 Bb7+ 18. Kh3 Nxf4+ 19. gxf4 $2 {[%mdl 8192]} (19. Rxf4 $17 Bg5 20. Qd2 (20. Rxc4 Rf2 $17) 20... Bxf4 21. gxf4) 19... Qe3+ $19 20. Rf3 Bxf3 21. Qe1 {[#]} Bxg4+ $1 {Black mates.} 22. Kg2 (22. Kxg4 h5+) 22... Bh3+ 23. Kh1 Qf3+ 24. Kg1 Qg2# {Precision: White = 25%, Black = 38%.} 0-1

[Event "Guimaraes Open 2018"]
[Site "Guimaraes"]
[Date "2018.10.05"]
[Round "1"]
[White "Saran Vikash Velumani"]
[Black "Khamrakulov, Ibragim S."]
[Result "0-1"]
[WhiteElo "1464"]
[BlackElo "2432"]
[Annotator "TA"]
[PlyCount "56"]
[EventDate "2018.10.04"]
[EventType "swiss"]
[EventCountry "POR"]
[SourceTitle "playchess.com"]
[Source "ChessBase"]
[SourceQuality "1"]

{[%evp 13,56,44,56,-58,-45,-86,-22,-27,-9,-29,-31,-84,-76,-83,13,-60,-64,-49,-55,-38,-108,-260,-245,-368,-371,-450,-446,-435,-443,-432,-374,-483,-468,-971,-972,-957,-929,-1095,-1088,-1230,-1205,-29987,-29988,-29988,-29989]} 1. e4 c5 2. Nf3 e6 3. d4 cxd4 4. Nxd4 a6 5. c4 Nf6 6. Nc3 Qc7 7. Be2 Bb4 {LiveBook: 185 Games} 8. Bf3 {B41: Sicilian: Kan Variation: 5 c4} (8. Nc2 $14 Bxc3+ 9. bxc3) (8. O-O O-O 9. Qd3 d6 10. Bd2 Nc6 11. Nb3 b6 12. Rac1 Bc5 13. Bg5 Bb7 14. Qg3 Kh8 15. Rfd1 Ne5 16. Nxc5 bxc5 {0-1 (34) Naiditsch,A (2705)-Artemiev,V (2691) Riadh 2017}) 8... Qxc4 $15 {Hoping for ...d5.} 9. Be3 $146 ({Predecessor:} 9. Nde2 Nxe4 10. Bxe4 Qxe4 11. O-O Qh4 12. Bf4 Nc6 13. Bd6 Bxd6 14. Qxd6 Qe7 15. Rad1 Qxd6 16. Rxd6 {0-1 (27) Joiner,R-Gulko,B (2583) Wilmington 2003}) 9... Nc6 (9... Bxc3+ $17 10. bxc3 Qxc3+ 11. Kf1 Qc4+ 12. Kg1 Qc7) 10. Rc1 $11 {The position is equal.} Qxa2 11. O-O $1 Qa5 ({But not} 11... Qxb2 $2 12. Na4 $18) 12. Nb3 (12. Na4 $15) 12... Qd8 13. Na4 b5 ({Better is} 13... O-O $17) 14. e5 (14. Bb6 $1 $11 Qe7 {[#]} 15. e5 $1 {[%mdl 512]} bxa4 16. exf6 gxf6 17. Nd4) 14... bxa4 $15 15. exf6 axb3 16. fxg7 Rg8 17. Rxc6 $2 (17. Qd3 $17 {was called for.} Rxg7 18. Rxc6 dxc6 19. Qc4) 17... dxc6 $19 18. Bxc6+ (18. Qxb3 $142 Rb8 19. Rd1) 18... Bd7 19. Bb6 Qc8 ({Less strong is} 19... Bxc6 20. Bxd8 Rxg7 21. g3 $19) 20. Bxa8 Qxa8 21. Qd4 a5 {[%cal Ba6a5,Ba5a4][%mdl 32]} 22. Rd1 {[%csl Gd1][%cal Rd4d7] [#]} Qd5 $1 23. Qg4 {[#]} (23. Qxd5 $142 exd5 24. Rxd5) 23... Rxg7 $1 {[%mdl 512]} 24. Rxd5 (24. Qxg7 Qxd1#) 24... Rxg4 25. Rd3 a4 26. f3 Rc4 27. Bd4 {[#]} Rxd4 $1 28. Rxd4 Bc5 {Precision: White = 28%, Black = 52%.} 0-1

[Event "Guimaraes Open 2018"]
[Site "Guimaraes"]
[Date "2018.10.05"]
[Round "1"]
[White "Ribeiro, Orlando Camilo Duar"]
[Black "Suarez Uriel, Adrian"]
[Result "0-1"]
[WhiteElo "1461"]
[BlackElo "2385"]
[Annotator "TA"]
[PlyCount "70"]
[EventDate "2018.10.04"]
[EventType "swiss"]
[EventCountry "POR"]
[SourceTitle "playchess.com"]
[Source "ChessBase"]
[SourceQuality "1"]

{[%evp 15,70,-7,-6,-25,0,0,0,0,0,0,0,-10,20,0,4,-6,0,0,0,-18,-14,-43,0,-46,-14,-39,-43,-56,-56,-55,-57,-57,-56,-57,-54,-57,-61,-76,-75,-74,-75,-174,-175,-175,-177,-168,-177,-175,-174,-177,-156,-187,-183,-630,-414,-629,-612]} 1. e4 c5 2. Nf3 Nc6 3. d4 cxd4 4. Nxd4 g6 5. Nc3 Bg7 6. Be3 Nf6 7. Bc4 O-O 8. f3 Qb6 {LiveBook: 85 Games} 9. Rb1 {B35: Sicilian: Accelerated Dragon with 5 Nc3: main line} (9. Bb3 {feels hotter.} Nxe4 10. Nd5 Qa5+ 11. c3 Nc5 12. Nxc6 dxc6 13. Nxe7+ Kh8 14. Nxc8 Raxc8 15. O-O) (9. e5 Nxe5 10. Bb3 Qa5 11. O-O d6 12. Kh1 Bd7 13. f4 Neg4 14. Bg1 Qh5 15. Qd3 a6 16. Rae1 e6 {0-1 (44) Biolek,R (2445)-Kislinsky,A (2481) Ostrava 2017}) 9... Ng4 (9... Qc5 {is interesting.} 10. Bb3 Ng4 11. fxg4 Bxd4 12. Bxd4 Nxd4 13. Qd2 d6) 10. fxg4 {[#] Black must now prevent Nd5.} Bxd4 11. Bxd4 {The position is equal.} Qxd4 12. Qxd4 Nxd4 13. Nd5 $146 ({Predecessor:} 13. Kd2 d6 14. Nd5 Nc6 15. g5 Be6 16. h4 Rac8 {½-½ (43) Variniac,E-Joydev,S (2107) Bischwiller 1999}) 13... e6 14. Ne3 b6 15. Rd1 Nc6 16. Bb5 Ne5 $1 17. Rd6 Bb7 18. Bd3 g5 19. h3 Rfc8 20. Kd2 Kf8 21. h4 Ke7 22. Rd4 h6 $36 {[%mdl 2048] White is under pressure.} 23. hxg5 hxg5 24. Rh5 Rg8 25. Rb4 Rac8 26. Rb5 d6 27. Rb4 Bc6 28. Bb5 (28. Ba6 $17 Rb8 29. a4) 28... a5 $19 29. Rb3 Bxe4 30. Bd3 Bxd3 31. cxd3 Rc6 32. Rc3 Rxc3 33. Kxc3 d5 {[%cal Bd6d5,Bd5d4][%mdl 32]} 34. Kd4 $2 {[#]} (34. Kd2) 34... Nc6+ 35. Kc3 d4+ {Precision: White = 16%, Black = 57%.} 0-1

[Event "Guimaraes Open 2018"]
[Site "Guimaraes"]
[Date "2018.10.05"]
[Round "1"]
[White "Fonseca, Pedro Miguel Ramos "]
[Black "Martin Duque, Jesus"]
[Result "0-1"]
[WhiteElo "1437"]
[BlackElo "2383"]
[Annotator "TA"]
[PlyCount "48"]
[EventDate "2018.10.04"]
[EventType "swiss"]
[EventCountry "POR"]
[SourceTitle "playchess.com"]
[Source "ChessBase"]
[SourceQuality "1"]

{[%evp 15,48,8,24,-89,-16,-87,-39,-39,-39,-65,-18,-7,-12,-64,-66,-136,-86,-81,-92,-132,-126,-168,-185,-303,-235,-238,-247,-456,-437,-409,-347,-820,-842,-755,-775]} 1. e4 c5 2. Nf3 e6 3. c3 Nf6 4. e5 Nd5 5. d4 cxd4 6. cxd4 b6 7. Nc3 Nxc3 8. bxc3 Bb7 {LiveBook: 48 Games} 9. c4 $146 {B22: Sicilian: 2 c3} (9. Bf4 $11) ({Predecessor:} 9. Bd3 Be7 10. O-O O-O 11. Re1 d6 12. exd6 Qxd6 13. Ne5 Nd7 14. Bf4 Nxe5 15. Bxe5 Qc6 16. Be4 Qxe4 17. Rxe4 Bxe4 18. h4 Bd5 19. h5 {0-1 (41) Wells,P (2419)-Jones,G (2650) Bournemouth 2016}) 9... Bxf3 (9... Bb4+ $17 10. Bd2 Bxd2+ 11. Qxd2 (11. Kxd2 d6 $17) 11... Bxf3 12. gxf3 O-O) 10. gxf3 (10. Qxf3 $11 {keeps the balance.} Nc6 11. Bb2) 10... Nc6 11. a3 {Black is slightly better.} Rc8 12. Be3 Qc7 13. Qd3 Ne7 14. Bd2 (14. Rc1 $11) 14... Nf5 $15 15. Bb4 (15. f4 $15) 15... Bc5 16. Bc3 Be7 17. Bb2 O-O 18. Rc1 f6 19. f4 (19. Be2 $142) 19... fxe5 20. fxe5 Nh4 21. a4 $2 (21. Be2) 21... Qc6 22. d5 Qc5 23. Bd4 $2 {[#]} (23. Kd1) 23... Qxd4 $1 $19 {[%mdl 512]} 24. Qxd4 Nf3+ {Precision: White = 14%, Black = 51%.} 0-1

[Event "Guimaraes Open 2018"]
[Site "Guimaraes"]
[Date "2018.10.05"]
[Round "1"]
[White "Pinheiro, Paulo Fialho"]
[Black "Pazos Porta, Antonio"]
[Result "0-1"]
[WhiteElo "1410"]
[BlackElo "2333"]
[Annotator "TA"]
[PlyCount "40"]
[EventDate "2018.10.04"]
[EventType "swiss"]
[EventCountry "POR"]
[SourceTitle "playchess.com"]
[Source "ChessBase"]
[SourceQuality "1"]

{[%evp 15,40,24,36,11,27,30,33,0,0,0,12,-20,-25,-21,-17,-10,12,17,7,-22,0,-70,-70,-105,-92,-118,-125]} 1. e4 c5 2. Nf3 e6 {[%cal Be7e6,Be6e5][%mdl 32]} 3. d4 cxd4 4. Nxd4 a6 5. Be3 Nf6 6. Bd3 e5 7. Nb3 {B42: Sicilian: Kan Variation: 5 Bd3} d5 8. exd5 Nxd5 {LiveBook: 3 Games} 9. Qd2 $146 {White is slightly better.} ({Predecessor:} 9. Be4 Nxe3 10. Qxd8+ Kxd8 11. fxe3 f5 12. Bd5 Nd7 13. Nc3 Bb4 14. O-O-O Bxc3 15. bxc3 {0-1 (28) Sidiropoulos,N (2052)-Quparadze,G (2517) Kavala 2018}) 9... Nxe3 10. Qxe3 Nc6 11. c3 Be7 12. O-O O-O 13. N1d2 Bg5 $36 {[%mdl 2048] Black is more active.} 14. Qe2 f5 15. Rad1 Qe7 16. Bc4+ Kh8 $1 17. Nf3 Bf6 18. Qc2 (18. Bd5 $11) 18... Qc7 $15 19. Rfe1 e4 20. Nfd4 Nxd4 {Precision: White = 31%, Black = 63%.} 0-1

[Event "Guimaraes Open 2018"]
[Site "Guimaraes"]
[Date "2018.10.05"]
[Round "1"]
[White "Lomba, Lucas Laranjeira de"]
[Black "Veiga, Jose Francisco Reis"]
[Result "0-1"]
[WhiteElo "1398"]
[BlackElo "2272"]
[Annotator "TA"]
[PlyCount "60"]
[EventDate "2018.10.04"]
[EventType "swiss"]
[EventCountry "POR"]
[SourceTitle "playchess.com"]
[Source "ChessBase"]
[SourceQuality "1"]

{[%evp 9,60,27,52,42,55,20,41,-14,-9,-6,7,-16,-9,-8,-16,-14,-17,-21,0,-60,-64,-50,-50,-113,-127,-151,-65,-152,-167,-160,-159,-283,-288,-287,-268,-285,-285,-258,-269,-256,-226,-283,-249,-284,-287,-322,-304,-312,-317,-317,-308,-850,-842]} 1. e4 g6 2. d4 Bg7 3. Nf3 d6 4. Be3 a6 (4... Nf6 5. Nc3 O-O 6. Qd2 Nc6 7. d5 Nb4 8. a3 Na6 9. Bxa6 bxa6 10. Bh6 c6 11. Bxg7 Kxg7 12. O-O Qb6 13. Rab1 cxd5 14. exd5 {0-1 (31) Giri,A (2782)-Aronian,L (2767) chess.com INT 2018}) 5. Bc4 e6 6. O-O {B06: Modern Defence} Nd7 7. Nc3 b5 8. Be2 $146 (8. Bd3 $14) ({Predecessor:} 8. Bd3 Bb7 9. b4 c5 10. a3 Rc8 11. Qd2 Qc7 12. dxc5 dxc5 13. Bxb5 cxb4 {0-1 (28) Mistry,P (2006)-Steadman,M (2194) Auckland 2017}) 8... Bb7 $11 9. Nd2 Ngf6 10. Bf3 O-O 11. e5 $1 Bxf3 12. Nxf3 dxe5 13. Nxe5 Nb6 14. b3 (14. Bg5 $11) 14... b4 $15 15. Ne2 Nfd5 16. Nf3 {[#]} (16. Nd3 $15) 16... c5 $1 $17 {[%mdl 512]} 17. Rc1 (17. dxc5 Nxe3) 17... c4 ({Black should try} 17... Nxe3 $17 18. fxe3 Bh6 19. dxc5 Bxe3+ 20. Kh1 Bxc1 21. Qxc1 Nd5) 18. c3 ({White should play} 18. Bd2 $15) 18... Nxe3 19. fxe3 Nd5 $36 {[%mdl 2048] Black has strong initiative.} 20. Kf2 (20. Re1 $17) 20... Bh6 $19 21. bxc4 Nxe3 22. Qb3 Nxf1 23. Rxf1 bxc3 24. Qxc3 Bg7 25. Nc1 Rc8 26. Nb3 Qc7 27. Rc1 Rfe8 28. Qa5 Qxa5 29. Nxa5 Red8 30. Ke3 $2 {[#]} (30. Rd1) 30... Bh6+ {Precision: White = 26%, Black = 70%.} 0-1

[Event "Guimaraes Open 2018"]
[Site "Guimaraes"]
[Date "2018.10.05"]
[Round "1"]
[White "Mendes, Bruno Daniel Duraes"]
[Black "Rego, Pedro Filipe Pinho"]
[Result "0-1"]
[WhiteElo "1382"]
[BlackElo "2251"]
[Annotator "TA"]
[PlyCount "68"]
[EventDate "2018.10.04"]
[EventType "swiss"]
[EventCountry "POR"]
[SourceTitle "playchess.com"]
[Source "ChessBase"]
[SourceQuality "1"]

{[%evp 13,68,15,36,-20,-17,-50,-39,-41,-25,-54,-40,-64,-70,-109,-110,-138,-87,-77,-73,-77,-73,-150,-169,-428,-425,-431,-430,-418,-419,-420,-412,-520,-473,-536,-538,-542,-541,-540,-531,-569,-575,-583,-581,-589,-563,-586,-578,-867,-867,-865,-858,-851,-839,-864,-822,-818,-804]} 1. e4 c5 2. Nf3 e6 3. Be2 Nc6 4. O-O Nf6 5. Nc3 Be7 6. d4 {B40: Sizilianisch (Klassisches System mit e7-e6)} cxd4 7. Nxd4 Qc7 {LiveBook: 396 Partien} 8. Nxc6 (8. Ndb5 $14 Qb8 9. Be3) (8. Be3 O-O 9. Ndb5 Qb8 10. f4 d6 11. Kh1 a6 12. Nd4 Qc7 13. Qe1 Nxd4 14. Bxd4 b5 15. a3 Bb7 16. Qg3 Rad8 17. Rae1 Qd7 18. Bd3 Nh5 19. Qg4 Nf6 20. Qg3 Nh5 21. Qg4 Nf6 22. Qg3 Nh5 23. Qg4 Nf6 24. Qg3 {½-½ (24) Andreikin,D (2712)-Grischuk,A (2772) Huaian 2017}) 8... bxc6 $11 9. Bf3 $146 ({Vorgänger:} 9. f4 d5 10. e5 Nd7 11. Na4 Nb6 12. c4 Ba6 13. Nxb6 axb6 14. Qc2 Bxc4 15. Bxc4 dxc4 16. Qxc4 {½-½ (47) Geler,A (2348)-Vratonjic,S (2453) Herceg Novi 2007}) 9... O-O 10. Re1 d5 11. b3 {[%cal Re4d5]} Rd8 {[#] Droht stark ...dxe4.} 12. exd5 cxd5 13. Na4 Bd7 14. Nb2 {[#]} Rac8 (14... e5 $142 $1 15. Bf4 Bd6) 15. c4 $17 dxc4 16. Nxc4 Bb4 $36 {[%mdl 2048] Und weiter mit ...Lc6 wäre nett. Schwarz ist am Drücker.} 17. Bd2 ({Lieber} 17. Re3) 17... Bb5 18. Rc1 $2 (18. Bxb4 Rxd1 19. Rexd1 Bxc4 20. Rac1) 18... Bxd2 $19 19. Nxd2 Qxc1 20. Qxc1 Rxc1 21. Rxc1 Rxd2 22. g4 h6 {Schwarz steht klar auf Gewinn.} 23. Rc8+ Kh7 24. a4 Be2 25. Bxe2 Rxe2 {[%mdl 4096] Endspiel KTS-KT} 26. h3 Rb2 27. Rb8 a5 28. Rb5 Nd5 29. Rxa5 Rxb3 30. Ra8 Rxh3 31. a5 Ra3 32. a6 Kg6 33. a7 Nc7 34. Rc8 Rxa7 {Precision: Weiß =  5%, Schwarz = 88%.} 0-1